[Event "Avoine op 31st"]
[Site "Avoine"]
[Date "2016.07.24"]
[Round "2"]
[White "Lamballe, Victor"]
[Black "Eden, James"]
[Result "0-1"]
[WhiteElo "1909"]
[BlackElo "2293"]
[PlyCount "140"]
[EventDate "2016.07.23"]
[EventType "swiss"]
[EventRounds "9"]
[EventCountry "FRA"]
[SourceTitle "CBM 173 Extra"]
[Source "ChessBase"]
[SourceDate "2016.08.29"]
[SourceVersion "1"]
[SourceVersionDate "2016.08.29"]
[SourceQuality "1"]

1. d4 d5 2. c4 c6 3. Nf3 Nf6 4. e3 Bf5 5. Nc3 a6 6. Nh4 Bc8 7. Qc2 e6 8. a3 Be7 9. Nf3 0-0 10. e4 dxe4 11. Nxe4 Nxe4 12. Qxe4 Nd7 13. Bd3 Nf6 14. Qe2 b5 15. 0-0 Bb7 16. Bg5 Qb6 17. Rad1 Rfd8 18. Ne5 h6 19. Bxf6 Bxf6 20. Qh5 Qc7 21. Rfe1 Rd6 22. c5 Rdd8 23. f4 Qe7 24. Re3 Rxd4 25. Bh7+ Kxh7 26. Rxd4 Qxc5 27. Red3 Rd8 28. Qd1 g5 29. Kh1 Rxd4 30. Rxd4 gxf4 31. Rd7 Qxe5 32. Rxf7+ Kg6 33. Rxb7 h5 34. Qb1+ Kg5 35. Rh7 Qe2 36. Qg1 Qc2 37. h4+ Kg6 38. Qa7 Kf5 39. Qf7 Ke5 40. Rxh5+ Kd6 41. Qf8+ Kc7 42. Qf7+ Kb6 43. Rh7 Bxb2 44. Qa7+ Ka5 45. Qc7+ Ka4 46. Qxf4+ Qc4 47. Qf2 Bxa3 48. Rd7 e5 49. h5 b4 50. Rd1 Qg4 51. Qc2+ Kb5 52. Qd3+ Ka5 53. Qd8+ Ka4 54. Qd3 Qxh5+ 55. Kg1 e4 56. Qxa6+ Kb3 57. Qf1 Bb2 58. Rd2 Qc5+ 59. Kh1 Qc1 60. Rd1 Qh6+ 61. Kg1 Qe3+ 62. Kh1 c5 63. Rb1 Qd3 64. Qc1 Qc3 65. Rxb2+ Qxb2 66. Qxc5 Qb1+ 67. Kh2 Qd3 68. Kg1 e3 69. g3 Qd1+ 70. Kg2 Qc2+ 0-1